Mobbing en la universidad : tesis, birretes, togas___ ¿y cum laude en acoso? /
Obra autobiográfica donde una profesora universitaria de España explica las diveras variantes de acoso psicológico que sufren los profesores en las universidades donde trabajan, desde citar el artículo de un jefe para poder publicar una obra, la presión por votar a favor de una propuesta con tal de...
Tallennettuna:
| Päätekijä: | |
|---|---|
| Muut tekijät: | , |
| Aineistotyyppi: | Kirja |
| Kieli: | espanja |
| Julkaistu: |
Madrid, España :
Adharam,
2005, c2005
|
| Sarja: | (Troya)
|
| Aiheet: | |
| Tagit: |
Ei tageja, Lisää ensimmäinen tagi!
|
MARC
| LEADER | 00000nam^a2200000^a^4500 | ||
|---|---|---|---|
| 001 | 000183556 | ||
| 005 | 20250521000000.0 | ||
| 009 | 20260310102044.774 | ||
| 020 | |a 84-934333-5-7 | ||
| 037 | |a Acervo ITESO - Biblioteca | ||
| 041 | |a ESP | ||
| 082 | |a 362. 8330946 |b PEÑ | ||
| 100 | |a Peñasco, Rosa |e (autor) | ||
| 245 | 1 | 0 | |a Mobbing en la universidad : |b tesis, birretes, togas___ ¿y cum laude en acoso? / |c R. Peñasco ; pról. de I. Piñuel y Zabala, C. Almeida. |
| 264 | 4 | |a Madrid, España : |b Adharam, |c 2005, c2005 | |
| 300 | |a 395 p. | ||
| 336 | |a texto |b txt |2 rdacontenido | ||
| 337 | |a sin mediación |b n |2 rdamedio | ||
| 338 | |a volumen |b nc |2 rdasoporte | ||
| 440 | 1 | |a (Troya) | |
| 520 | |a Obra autobiográfica donde una profesora universitaria de España explica las diveras variantes de acoso psicológico que sufren los profesores en las universidades donde trabajan, desde citar el artículo de un jefe para poder publicar una obra, la presión por votar a favor de una propuesta con tal de mantener el trabajo, el retraso en el pago de salarios y muchas situaciones más. | ||
| 649 | |a XX | ||
| 650 | |a Profesores Españoles - |x Condiciones Laborales - |x Tema Principal | ||
| 650 | |a Acoso Laboral - |z España - |x Tema Principal | ||
| 650 | |a Delitos contra la Persona - |z España | ||
| 650 | |a Problemas Sociales - |z España | ||
| 650 | |a Relaciones Laborales - |z España | ||
| 650 | |a Educación y Sociedad - |z España | ||
| 650 | |a Educación Superior - |z España | ||
| 650 | |a Psicología Laboral | ||
| 650 | |a Ciencias Administrativas | ||
| 650 | |a Sociología de la Educación | ||
| 700 | |a Almeida, Cristina |e (prólogo) | ||
| 700 | |a Piñuel y Zabala, Iñaki |e (prólogo) | ||
| 910 | |a Fondo General | ||
| 920 | |a Impresos - Libros | ||
| 930 | |a Colección General | ||
| 905 | |a 101 | ||
| 901 | |a 0500123818 |b IT1 |c ACC |u 20250521 | ||
| 902 | |a https://opac.biblio.iteso.mx/vufind/Record/000183556 | ||